000 01489nam a2200337 c 4500
003 BLK
005 20210712162247.0
008 180410b bul|||||r ||||||| ||bul||
010 _aKNG00155851000
040 _aBLK
041 _aBUL
_cBUL
080 _aДруги игри. Викторини, гатанки, поговорки, кръстословици и др.
_b793.7
_x
_z793.7
080 _aИздания за деца и юноши. Книжки-картинки. Читанки. Вж и 372.4
_b087.5
_x
_z087.5
100 1 _aЦветанова, Боряна
_eпърви автор
_9330547
700 1 _aВълканов, Венелин Димитров
_eхудож.
_9366810
139 _aЦветанова, Боряна
_bЦ 30
245 1 0 _aОт коя приказка съм?
_bКн.-играчка
_cБоряна Цветанова; худож. Венелин Димитров Вълканов.
257 _aBGR
260 София
_bОтечество
_c1986
_fСофия : Д. Благоев
300 _a64 с.
_bс цв. ил.
_c17Х24 см
380 _aDN
500 _a96 115 тир.
650 4 _aДетски игри
_9241574
653 _aкниги-игри
653 _aлитература за деца
852 _aЦб І 35383
856 4 _qpdf
_u
856 4 _qpdf
_u
942 _cKNG
_n0
_02
944 _aCR
_c21.01.2014
_l21.01.2014 - от С1,Р / 21.01.2014
_kДаниел_Канатов
944 _aED
_c20.10.2015
_l21.01.2014 - от С1,Р / 21.01.2014
_kКети_Илиева
999 _c149583
_d149583